| 000 | 00630nam a22001817a 4500 | ||
|---|---|---|---|
| 005 | 20250904110011.0 | ||
| 010 | _aENG-146622 | ||
| 020 |
_a9789363479623 _c349.00 |
||
| 035 | _aEN-130154 | ||
| 037 | _bDBAD | ||
| 082 | _a324.209 | ||
| 100 |
_aPandit, M Saleem _984691 |
||
| 245 |
_aFootprints of Hindutva in Kashmir/ _cM Saleem Pandit |
||
| 260 |
_aHaryana _bBigfoot Publication _cAug, 2024 |
||
| 270 |
_a1st floor, BSR Building near Vishal Mega Mart, Daultabad flyover, Laxman Vihar, Gurugram _bHaryana _minfo@bigfootpublications.in _e122001 |
||
| 300 |
_a248p. _c23cm(pbk) |
||
| 942 |
_2ddc _cEN _h324.209 _mPAN |
||
| 999 |
_c213312 _d213312 |
||